Regulators and the quest for coherence in finance: the case of loss absorbing capacity for banks (Record no. 512650)

000 -LEADER
fixed length control field 01540nam a2200157 4500
008 - FIXED-LENGTH DATA ELEMENTS--GENERAL INFORMATION
fixed length control field 191205b ||||| |||| 00| 0 eng d
100 ## - MAIN ENTRY--PERSONAL NAME
Personal name Quaglia, Lucia
245 ## - TITLE STATEMENT
Title Regulators and the quest for coherence in finance: the case of loss absorbing capacity for banks
260 ## - PUBLICATION, DISTRIBUTION, ETC. (IMPRINT)
Name of publisher, distributor, etc Public Administration
300 ## - PHYSICAL DESCRIPTION
Extent 97(3), 2019: p.499-512.
520 ## - SUMMARY, ETC.
Summary, etc After the international financial crisis, new financial regulation was adopted at the international, regional and national levels, raising the issue of how to promote regulatory coherence, defined as the consistency between the rules adopted at different governance levels and in a variety of policy venues. A major recent area of reform concerned the loss absorbing capacity (LAC) of banks. In practice, the lack of regulatory coherence concerning LAC hampers the effective resolution of large international banks in a timely manner, ultimately undermining financial stability. We examine the role of regulators in the quest for coherence on LAC, explaining the incentives they had and how they deployed their delegated competences at different levels to achieve coherent rules that ensure financial stability. Theoretically, we combine insights from the public administration and political economy literatures. Methodologically, we process trace the making of LAC rules on three governance levels and in multiple policy venues. - Reproduced.
700 ## - ADDED ENTRY--PERSONAL NAME
Personal name Spendzharova, Aneta
9 (RLIN) 14283
773 ## - HOST ITEM ENTRY
Main entry heading Public Administration
906 ## - LOCAL DATA ELEMENT F, LDF (RLIN)
Subject DIP Banks and Banking
942 ## - ADDED ENTRY ELEMENTS (KOHA)
Source of classification or shelving scheme
Item type Articles
Holdings
Withdrawn status Lost status Source of classification or shelving scheme Damaged status Not for loan Permanent location Current location Date acquired Serial Enumeration / chronology Barcode Date last seen Koha item type
          Indian Institute of Public Administration Indian Institute of Public Administration 2019-12-05 97(3), 2019: p.499-512. AR121992 2019-12-05 Articles

Powered by Koha